Estadísticas para Emisiones de Dióxido de Carbono por País

Haz click aquí para tomar la prueba!

Estadísticas generales

  • Esta prueba ha sido tomada 934 veces
    (559 desde el último reinicio)
  • La puntuación promedio es 17 de 20

Estadísticas de respuestas

% del totalpaísaumento% Correcto
14.0%Estados Unidos+ 1%
100%
29.2%China+ 352%
100%
7.09%India+ 287%
96%
2.17%Alemania- 23%
96%
4.65%Rusia- 30%
95%
0.93%Francia- 12%
95%
1.29%Brasil+ 115%
94%
3.47%Japón+ 7%
93%
1.23%México+ 53%
92%
1.03%Reino Unido- 36%
91%
1.00%Italia- 15%
86%
1.89%Canadá+ 22%
85%
1.16%Australia+ 50%
81%
1.69%Corea del Sur+ 125%
78%
1.48%Indonesia+ 232%
77%
1.45%Arabia Saudita+ 208%
73%
1.80%Irán+ 219%
70%
1.09%Sudáfrica+ 46%
67%
1.03%Turquía+ 146%
65%
0.83%Polonia- 17%
59%

Distribución de puntuación

Porcentaje por número respondido

Porcentaje de gente con cada puntuación

Historial de tus puntuaciones

No has tomado esta prueba desde el último reinicio